[Event "Toronto Closed reserves"]
[Site "Toronto CAN"]
[Date "2003.02.21"]
[Round "1"]
[White "Srinivasan, Gajana"]
[Black "Ferreira, Alex"]
[Result "0-1"]
[WhiteElo "1960"]
[BlackElo "1520"]
[PlyCount "62"]
[EventDate "2003.02.18"]
[EventType "tourn"]
[EventRounds "7"]
[EventCountry "CAN"]

1. e4 c5 2. Nf3 e6 3. d4 d5 4. exd5 exd5 5. c4 Nf6 6. Nc3 cxd4 7. Nxd4 Nc6 8.
cxd5 Nxd5 9. Nxc6 bxc6 10. Bc4 Qe7+ 11. Be2 Nxc3 12. bxc3 Qf6 13. O-O Be6 14.
Bf3 Rc8 15. Qa4 Qxc3 16. Bf4 Qc4 17. Qxc4 Bxc4 18. Rfc1 Be6 19. Bxc6+ Ke7 20.
Rab1 Bxa2 21. Rb7+ Kf6 22. g4 g5 23. Be3 Bg7 24. Bd4+ Kg6 25. Be4+ Kh6 26. Rxc8
Rxc8 27. Be3 Be5 28. Rxa7 Be6 29. h4 Bxg4 30. Rxf7 Rc7 31. hxg5+ Kh5 0-1

[Event "Toronto Closed reserves"]
[Site "Toronto CAN"]
[Date "2003.02.25"]
[Round "2"]
[White "Bergeron, Florian"]
[Black "Srinivasan, Gajana"]
[Result "1/2-1/2"]
[WhiteElo "1866"]
[BlackElo "1960"]
[PlyCount "51"]
[EventDate "2003.02.18"]
[EventType "tourn"]
[EventRounds "7"]
[EventCountry "CAN"]

1. d4 d5 2. c4 Bf5 3. Nc3 e6 4. Qb3 Nc6 5. cxd5 exd5 6. Bf4 Nb4 7. Rc1 c5 8.
dxc5 Bxc5 9. a3 Bxf2+ 10. Kxf2 Qb6+ 11. Kg3 Qg6+ 12. Kf2 Qb6+ 13. Kf3 Nf6 14.
Qxb4 Be4+ 15. Nxe4 dxe4+ 16. Kg3 Nh5+ 17. Kh4 Qf2+ 18. Kxh5 g6+ 19. Kg4 h5+ 20.
Kg5 f6+ 21. Kxg6 Qxf4 22. Qb5+ Kf8 23. Qc5+ Ke8 24. Qb5+ Kf8 25. Qc5+ Ke8 26.
Qb5+ 1/2-1/2

[Event "Toronto Closed reserves"]
[Site "Toronto CAN"]
[Date "2003.02.25"]
[Round "2"]
[White "Gebhardt, David"]
[Black "Ollers, Ian"]
[Result "1/2-1/2"]
[WhiteElo "1783"]
[BlackElo "1719"]
[PlyCount "73"]
[EventDate "2003.02.18"]
[EventType "tourn"]
[EventRounds "7"]
[EventCountry "CAN"]

1. e4 c5 2. Nf3 d6 3. d4 cxd4 4. Nxd4 Nf6 5. Nc3 a6 6. Be3 Ng4 7. Bg5 h6 8. Bh4
g5 9. Bg3 Bg7 10. Be2 Ne5 11. Nd5 Nbc6 12. c3 Nxd4 13. cxd4 Nc6 14. e5 Qa5+ 15.
Nc3 dxe5 16. dxe5 Nxe5 17. O-O O-O 18. f4 gxf4 19. Bxf4 Qb6+ 20. Kh1 Qxb2 21.
Nd5 Be6 22. Nxe7+ Kh8 23. Rb1 Qxa2 24. Rxb7 Rfd8 25. Qe1 Nd3 26. Bxd3 Rxd3 27.
Be5 Rad8 28. Bxg7+ Kxg7 29. Qe5+ Kh7 30. Rxf7+ Bxf7 31. Qe4+ Kh8 32. Qe5+ Kh7
33. Qf5+ Kg7 34. Qe5+ Kh7 35. Qf5+ Kg7 36. Qe5+ Kh7 37. Qf5+ 1/2-1/2

[Event "Toronto Closed reserves"]
[Site "Toronto CAN"]
[Date "2003.02.25"]
[Round "2"]
[White "Johnson, Wylie"]
[Black "Ferreira, Alex"]
[Result "0-1"]
[WhiteElo "1708"]
[BlackElo "1520"]
[PlyCount "90"]
[EventDate "2003.02.18"]
[EventType "tourn"]
[EventRounds "7"]
[EventCountry "CAN"]

1. f4 c5 2. Nf3 e6 3. e3 d5 4. b3 Nf6 5. Bb2 Nc6 6. Bb5 a6 7. Bxc6+ bxc6 8. Ne5
Qc7 9. O-O Bd6 10. d3 Qb6 11. Nd2 c4 12. Qe2 cxd3 13. cxd3 a5 14. Rac1 c5 15.
Ndf3 a4 16. b4 Qxb4 17. a3 Qa5 18. Bc3 Qa6 19. Qc2 Bb7 20. Ng5 O-O 21. Ngf3
Rac8 22. Qf2 d4 23. exd4 Bxf3 24. Qxf3 cxd4 25. Bxd4 Bxa3 26. Rb1 Bc5 27. Bxc5
Rxc5 28. Rb7 Rd5 29. Rfb1 a3 30. R7b3 Qa4 31. Rb7 a2 32. R1b6 Qd4+ 33. Kf1
a1=Q+ 34. Rb1 Rc8 35. Rxa1 Qxa1+ 36. Kf2 Rc2+ 37. Kg3 g6 38. Rxf7 Rxe5 39. Rxf6
Qe1+ 40. Kg4 h5+ 41. Kh3 Re3 42. Rxg6+ Kf7 43. Rxe6 Rxf3+ 44. gxf3 Kxe6 45. f5+
Kxf5 0-1

[Event "Toronto Closed reserves"]
[Site "Toronto CAN"]
[Date "2003.02.25"]
[Round "2"]
[White "Magnan, Mike"]
[Black "McNeil, Hugh"]
[Result "1-0"]
[WhiteElo "1907"]
[BlackElo "1857"]
[PlyCount "84"]
[EventDate "2003.02.18"]
[EventType "tourn"]
[EventRounds "7"]
[EventCountry "CAN"]

1. e4 c5 2. Nf3 d6 3. d4 cxd4 4. Nxd4 Nf6 5. Nc3 g6 6. Bd3 Bg7 7. O-O Bg4 8.
Qe1 O-O 9. h3 Bd7 10. f4 Nc6 11. Nxc6 Bxc6 12. Be3 Rc8 13. Qh4 Qa5 14. f5 Qe5
15. Rae1 d5 16. exd5 Bxd5 17. Bc5 Be4 18. Bf2 Rxc3 19. bxc3 g5 20. Rxe4 Nxe4
21. Qxe4 Qxe4 22. Bxe4 b6 23. Bd4 Rc8 24. Bxg7 Kxg7 25. Rf3 Kf6 26. Kf2 Rc5 27.
a4 Rc4 28. Bd5 Rxa4 29. Bb3 Ra5 30. g4 Rc5 31. Rd3 a5 32. c4 Rc7 33. Rd5 Rc6
34. Ke3 h6 35. Kd4 e6 36. Ba4 Rc7 37. Rd6 Rb7 38. fxe6 fxe6 39. Bc6 Ra7 40. Bd5
a4 41. Rxe6+ Kg7 42. Rxb6 a3 1-0

[Event "Toronto Closed reserves"]
[Site "Toronto CAN"]
[Date "2003.02.28"]
[Round "3"]
[White "Ferreira, Alex"]
[Black "Bergeron, Florian"]
[Result "1-0"]
[WhiteElo "1520"]
[BlackElo "1866"]
[PlyCount "113"]
[EventDate "2003.02.18"]
[EventType "tourn"]
[EventRounds "7"]
[EventCountry "CAN"]

1. d4 Nf6 2. c4 g6 3. Nc3 Bg7 4. Nf3 O-O 5. e4 d6 6. Bd3 Nbd7 7. O-O e5 8. d5
Nc5 9. h3 Nxd3 10. Qxd3 Nh5 11. g4 Nf4 12. Bxf4 exf4 13. Rab1 h5 14. Nh2 hxg4
15. hxg4 Qh4 16. Ne2 Bxg4 17. Nxf4 Be5 18. Qg3 Qxg3+ 19. fxg3 Bd7 20. Nf3 Rae8
21. Rfe1 Re7 22. Nxe5 Rxe5 23. Nd3 Rg5 24. Re3 Kg7 25. Rbe1 Rh8 26. Nf4 Kf6 27.
Nd3 Rgh5 28. e5+ dxe5 29. Nxe5 Rh1+ 30. Kf2 R1h2+ 31. Kf3 Bf5 32. R1e2 Rxe2 33.
Rxe2 Re8 34. g4 Bc8 35. g5+ Kg7 36. Kf4 Rh8 37. Nf3 Kf8 38. Rh2 Rxh2 39. Nxh2
Bf5 40. Ke5 Ke7 41. c5 Bb1 42. a3 Bd3 43. Ng4 Be2 44. Nh6 Bc4 45. b4 Bb3 46.
Ng8+ Kd7 47. Nf6+ Ke7 48. Ne4 Bd1 49. d6+ cxd6+ 50. Nxd6 b6 51. cxb6 axb6 52.
Nc8+ Kd7 53. Nxb6+ Kc6 54. Nc4 Bg4 55. Nd6 Be6 56. a4 Bb3 57. a5 1-0

[Event "Toronto Closed reserves"]
[Site "Toronto CAN"]
[Date "2003.02.28"]
[Round "3"]
[White "McNeil, Hugh"]
[Black "Gebhardt, David"]
[Result "0-1"]
[WhiteElo "1857"]
[BlackElo "1783"]
[PlyCount "77"]
[EventDate "2003.02.18"]
[EventType "tourn"]
[EventRounds "7"]
[EventCountry "CAN"]

1. e4 e5 2. f4 exf4 3. Nf3 Nf6 4. Bc4 Bc5 5. d4 Bb6 6. Nc3 d6 7. Bxf4 Bg4 8. e5
dxe5 9. Bxe5 Nc6 10. Bxf6 Qxf6 11. Qe2+ Kf8 12. O-O-O Nxd4 13. Qe4 Nxf3 14.
Qxg4 Ne5 15. Qe4 Nxc4 16. Qxc4 Re8 17. Rhf1 Qe6 18. Nd5 Be3+ 19. Kb1 Bb6 20. a3
c6 21. Qb4+ c5 22. Qf4 h5 23. Nc7 Bxc7 24. Qxc7 Rh6 25. Rd6 Qc4 26. Rd3 Rf6 27.
Rfd1 Rf2 28. Rc3 Qg4 29. Qxc5+ Kg8 30. Qxf2 Qxd1+ 31. Ka2 Qd5+ 32. b3 b6 33.
Rc7 a5 34. g3 b5 35. Rc5 Qb7 36. Rxh5 a4 37. Qf1 axb3+ 38. cxb3 Qc6 39. Qb1 0-1

[Event "Toronto Closed reserves"]
[Site "Toronto CAN"]
[Date "2003.02.28"]
[Round "3"]
[White "Srinivasan, Gajana"]
[Black "Magnan, Mike"]
[Result "1/2-1/2"]
[WhiteElo "1960"]
[BlackElo "1907"]
[PlyCount "29"]
[EventDate "2003.02.18"]
[EventType "tourn"]
[EventRounds "7"]
[EventCountry "CAN"]

1. e4 d5 2. exd5 Qxd5 3. Nc3 Qa5 4. d4 Nf6 5. Bd2 c6 6. Nf3 Bg4 7. Be2 e6 8. h3
Bh5 9. g4 Bg6 10. Ne4 Qd8 11. Nxf6+ gxf6 12. c3 Bd6 13. Qb3 Qc7 14. O-O-O Nd7
15. Nh4 1/2-1/2

[Event "Toronto Closed reserves"]
[Site "Toronto CAN"]
[Date "2003.03.14"]
[Round "4"]
[White "Johnson, Wylie"]
[Black "Bergeron, Florian"]
[Result "0-1"]
[WhiteElo "1708"]
[BlackElo "1866"]
[PlyCount "60"]
[EventDate "2003.02.18"]
[EventType "tourn"]
[EventRounds "7"]
[EventCountry "CAN"]

1. f4 c5 2. Nf3 Nf6 3. e3 Nc6 4. b3 g6 5. Bb2 Bg7 6. Be2 O-O 7. O-O d6 8. a3
Rb8 9. Qe1 b5 10. Qh4 e6 11. Ng5 h6 12. Nf3 Bd7 13. d3 Nd5 14. Qxd8 Rfxd8 15.
Bxg7 Kxg7 16. e4 Nxf4 17. Rf2 Nxe2+ 18. Rxe2 e5 19. Nbd2 Nd4 20. Nxd4 cxd4 21.
h3 Rbc8 22. Nf3 Rc7 23. Rf1 Rdc8 24. Ne1 f5 25. Ref2 f4 26. Kh2 Be6 27. g3
fxg3+ 28. Kxg3 Rf7 29. Rxf7+ Bxf7 30. Rf2 Rc6 0-1

[Event "Toronto Closed reserves"]
[Site "Toronto CAN"]
[Date "2003.03.14"]
[Round "4"]
[White "Magnan, Mike"]
[Black "Ferreira, Alex"]
[Result "0-1"]
[WhiteElo "1907"]
[BlackElo "1520"]
[PlyCount "47"]
[EventDate "2003.02.18"]
[EventType "tourn"]
[EventRounds "7"]
[EventCountry "CAN"]

1. e4 c5 2. f4 e6 3. Nf3 d5 4. e5 Nc6 5. c3 d4 6. Bb5 dxc3 7. Nxc3 Bd7 8. O-O
Qb6 9. Kh1 O-O-O 10. a3 Nh6 11. Qc2 Be7 12. d3 Nf5 13. Bxc6 Bxc6 14. Ne4 Rd5
15. Nfg5 h6 16. Nxf7 Rf8 17. Nfd6+ Bxd6 18. exd6 Kd7 19. Bd2 Bb5 20. Nc3 Rxd6
21. Ne4 Rd5 22. Rac1 Bxd3 23. Nxc5+ Qxc5 24. Qxd3 0-1

[Event "Toronto Closed reserves"]
[Site "Toronto CAN"]
[Date "2003.03.22"]
[Round "5"]
[White "Ferreira, Alex"]
[Black "Gebhardt, David"]
[Result "0-1"]
[WhiteElo "1520"]
[BlackElo "1783"]
[PlyCount "64"]
[EventDate "2003.02.18"]
[EventType "tourn"]
[EventRounds "7"]
[EventCountry "CAN"]

1. d4 Nf6 2. c4 c5 3. dxc5 e6 4. Nc3 Bxc5 5. h3 Nc6 6. Nf3 b6 7. Bg5 Bb7 8. a3
h6 9. Bh4 O-O 10. e3 d5 11. cxd5 exd5 12. Bxf6 Qxf6 13. Qxd5 Nd4 14. Qxb7 Nc2+
15. Kd1 Nxa1 16. Bc4 Rad8+ 17. Kc1 Qg6 18. Ne1 Rc8 19. Qe4 Qxe4 20. Nxe4 Bxe3+
21. fxe3 Rxc4+ 22. Nc3 Nb3+ 23. Kc2 Na5 24. Nd3 Re8 25. Re1 Nb7 26. b3 Rc6 27.
Nb4 Rg6 28. Re2 Rg3 29. Nbd5 Nd6 30. Nf4 Rexe3 31. Rxe3 Rxe3 32. Ncd5 Rg3 0-1

[Event "Toronto Closed reserves"]
[Site "Toronto CAN"]
[Date "2003.03.21"]
[Round "5"]
[White "Srinivasan, Gajana"]
[Black "Ollers, Ian"]
[Result "1/2-1/2"]
[WhiteElo "1960"]
[BlackElo "1719"]
[PlyCount "27"]
[EventDate "2003.02.18"]
[EventType "tourn"]
[EventRounds "7"]
[EventCountry "CAN"]

1. e4 c5 2. d4 cxd4 3. c3 dxc3 4. Nxc3 d6 5. Bc4 e6 6. f4 Nc6 7. Nf3 Nf6 8. e5
dxe5 9. Qxd8+ Kxd8 10. fxe5 Nd7 11. Bf4 Bb4 12. O-O Bxc3 13. bxc3 Ke7 14. Bg3
1/2-1/2

[Event "Toronto Closed reserves"]
[Site "Toronto CAN"]
[Date "2003.03.25"]
[Round "6"]
[White "Gebhardt, David"]
[Black "Bergeron, Florian"]
[Result "1-0"]
[WhiteElo "1783"]
[BlackElo "1866"]
[PlyCount "75"]
[EventDate "2003.02.18"]
[EventType "tourn"]
[EventRounds "7"]
[EventCountry "CAN"]

1. e4 Nf6 2. Nc3 d5 3. e5 Ne4 4. Nce2 d4 5. c3 dxc3 6. bxc3 Nc5 7. d4 Nca6 8.
Nf4 c6 9. e6 Bxe6 10. Nxe6 fxe6 11. Qh5+ g6 12. Qe5 Rg8 13. Qxe6 Rg7 14. Bh6
Nc7 15. Qb3 Rf7 16. Bxf8 Rxf8 17. Qxb7 Qd6 18. Be2 Nd7 19. Bf3 Rf6 20. Qb3 Rb8
21. Qc2 Qa3 22. Ne2 Nd5 23. O-O Rb6 24. Rfb1 Kf8 25. Rb3 Qd6 26. Ng3 Qf4 27.
Re1 Qh6 28. Qe2 Qg7 29. Ne4 Re6 30. Bg4 Rxe4 31. Qxe4 N7f6 32. Qf3 h5 33. Be6
Qh6 34. Rxb6 axb6 35. c4 Nb4 36. d5 cxd5 37. cxd5 Nc2 38. Rd1 1-0

[Event "Toronto Closed reserves"]
[Site "Toronto CAN"]
[Date "2003.03.25"]
[Round "6"]
[White "Ollers, Ian"]
[Black "Ferreira, Alex"]
[Result "1-0"]
[WhiteElo "1719"]
[BlackElo "1520"]
[PlyCount "69"]
[EventDate "2003.02.18"]
[EventType "tourn"]
[EventRounds "7"]
[EventCountry "CAN"]

1. d4 c5 2. c3 d5 3. Nf3 e6 4. Bg5 Nf6 5. e3 Nc6 6. Bd3 h6 7. Bh4 cxd4 8. cxd4
Be7 9. O-O O-O 10. Nc3 Qb6 11. a3 Bd7 12. b4 Rac8 13. Rc1 a6 14. Na4 Qd8 15.
Nc5 Rc7 16. Bg3 Bxc5 17. Bxc7 Qxc7 18. Rxc5 Qd6 19. Qb1 b6 20. Rc3 e5 21. dxe5
Nxe5 22. Nd4 g6 23. Bxa6 Ne4 24. Rc2 Ra8 25. Bb5 Rxa3 26. Rfc1 Ng4 27. g3 Nxg3
28. hxg3 Nxe3 29. Rc3 Nf5 30. Rxa3 Nxd4 31. Bxd7 Ne2+ 32. Kg2 Nxc1 33. Qxc1
Qxd7 34. Ra8+ Kg7 35. Qc8 1-0

[Event "Toronto Closed reserves"]
[Site "Toronto CAN"]
[Date "2003.03.28"]
[Round "7"]
[White "Bergeron, Florian"]
[Black "Ollers, Ian"]
[Result "1/2-1/2"]
[WhiteElo "1866"]
[BlackElo "1719"]
[PlyCount "118"]
[EventDate "2003.02.18"]
[EventType "tourn"]
[EventRounds "7"]
[EventCountry "CAN"]

1. d4 d5 2. c4 dxc4 3. Nf3 e6 4. e3 c5 5. Bxc4 a6 6. a4 Nc6 7. Nc3 Nf6 8. O-O
Be7 9. Ne5 Nxe5 10. dxe5 Qxd1 11. Rxd1 Nd7 12. f4 b6 13. Ne4 O-O 14. Nd6 Bxd6
15. Rxd6 Re8 16. Ra3 Rb8 17. Rad3 Nf8 18. Rb3 b5 19. axb5 axb5 20. Rxb5 Rxb5
21. Bxb5 Re7 22. b3 Rc7 23. Bd2 Bb7 24. Ba5 Rc8 25. Rd8 Rxd8 26. Bxd8 Bd5 27.
Ba4 f6 28. exf6 gxf6 29. Bxf6 Kf7 30. Bb2 Ke7 31. Ba3 Nd7 32. g4 Kd6 33. b4
cxb4 34. Bxb4+ Kc7 35. Bc2 Nf6 36. g5 Ne4 37. h4 Kd8 38. Ba4 Ng3 39. Bc2 Nf5
40. e4 Ne3 41. exd5 Nxc2 42. Ba5+ Kd7 43. dxe6+ Kxe6 44. Kf2 Kf5 45. Kg3 Nd4
46. Bc7 Ne2+ 47. Kf3 Nd4+ 48. Ke3 Nc2+ 49. Kf2 Kg4 50. Be5 Kh5 51. Kf3 Ne1+ 52.
Ke4 Kg4 53. Bf6 Nf3 54. Bd8 Nd2+ 55. Kd3 Nf1 56. Bc7 Kf5 57. Be5 Ng3 58. Ke3
Ne4 59. Kd4 Nxg5 1/2-1/2

[Event "Toronto Closed reserves"]
[Site "Toronto CAN"]
[Date "2003.03.28"]
[Round "7"]
[White "Ferreira, Alex"]
[Black "McNeil, Hugh"]
[Result "0-1"]
[WhiteElo "1520"]
[BlackElo "1857"]
[PlyCount "79"]
[EventDate "2003.02.18"]
[EventType "tourn"]
[EventRounds "7"]
[EventCountry "CAN"]

1. e4 c5 2. Nf3 d6 3. d4 cxd4 4. Nxd4 Nf6 5. Bd3 g6 6. O-O Bg7 7. Be3 O-O 8. c3
Bg4 9. f3 Bd7 10. Nd2 Nc6 11. N2b3 a6 12. Qe2 Ne5 13. Rfd1 Qc7 14. Rac1 Rad8
15. Bf4 Nxd3 16. Rxd3 e5 17. Bg3 exd4 18. cxd4 Qb6 19. Qd2 Rc8 20. Rdc3 Rxc3
21. Rxc3 Rc8 22. Bf2 Rxc3 23. Qxc3 Qc6 24. Na5 Qa4 25. Nxb7 Qxa2 26. Nxd6 Qa1+
27. Be1 Qd1 28. Qd2 Qb3 29. h3 Bf8 30. Bg3 Nh5 31. Bh2 a5 32. g4 Ng7 33. Kf2
Ne6 34. d5 Qb6+ 35. Ke1 Bxd6 36. Bxd6 Qxd6 37. dxe6 Qxd2+ 38. Kxd2 Bxe6 39. Kc2
a4 40. Kc3 0-1

[Event "Tour aux aguets"]
[Site "Gatineau CAN"]
[Date "2003.11.28"]
[Round "1"]
[White "Dagenais, Pierre"]
[Black "Ethier, Valori"]
[Result "0-1"]
[WhiteElo "1224"]
[BlackElo "1425"]
[PlyCount "108"]
[EventDate "2003.??.??"]
[EventType "swiss"]
[EventRounds "3"]
[EventCountry "CAN"]

1. e4 c6 2. e5 d5 3. d4 Bf5 4. Nf3 e6 5. Bd3 Bxd3 6. Qxd3 Qa5+ 7. Bd2 Qa6 8.
Qxa6 Nxa6 9. a3 c5 10. c3 Ne7 11. b4 cxd4 12. Nxd4 Ng6 13. O-O Nxe5 14. Be3 Nc4
15. Nd2 Nxe3 16. fxe3 Bd6 17. Nb5 Bc7 18. Nxc7+ Nxc7 19. Rf4 O-O 20. e4 Rad8
21. e5 Rd7 22. Nb3 b6 23. a4 f6 24. exf6 Rxf6 25. Rxf6 gxf6 26. g4 Rg7 27. h3
f5 28. a5 fxg4 29. axb6 gxh3+ 30. Kh2 axb6 31. Ra7 Nb5 32. Rxg7+ Kxg7 33. Kxh3
Nxc3 34. Nd4 Kf6 35. Kg3 e5 36. Nc6 b5 37. Kf3 h5 38. Ke3 h4 39. Kd3 h3 40.
Kxc3 h2 41. Na7 h1=Q 42. Nxb5 d4+ 43. Nxd4 exd4+ 44. Kxd4 Qc6 45. Kd3 Ke5 46.
Ke3 Qc4 47. Kf3 Qxb4 48. Ke3 Qc4 49. Kf3 Qd4 50. Kg3 Qe4 51. Kf2 Kf4 52. Kf1
Qc2 53. Kg1 Kg3 54. Kf1 Qf2# 0-1

[Event "Tour aux aguets"]
[Site "Gatineau CAN"]
[Date "2003.11.28"]
[Round "1"]
[White "Lahaie, Jean-Marc"]
[Black "Rose, Richard"]
[Result "0-1"]
[WhiteElo "1345"]
[BlackElo "1815"]
[PlyCount "62"]
[EventDate "2003.??.??"]
[EventType "swiss"]
[EventRounds "3"]
[EventCountry "CAN"]

1. c4 e5 2. Nc3 Nc6 3. Nf3 Nf6 4. d3 d6 5. Bg5 Be7 6. g3 h6 7. Bxf6 Bxf6 8. Nd5
Be6 9. Nxf6+ Qxf6 10. Qb3 Rb8 11. Bg2 O-O 12. O-O b5 13. Nd2 Nd4 14. Ne4 Qe7
15. Qd1 bxc4 16. e3 Nf5 17. Rb1 cxd3 18. Qxd3 Bxa2 19. Rbc1 Rxb2 20. Nc3 g6 21.
Nxa2 Rxa2 22. Bd5 Rb2 23. Rb1 Rfb8 24. Rxb2 Rxb2 25. Qa3 Rd2 26. e4 Nd4 27.
Qxa7 Kg7 28. Qa5 Rc2 29. Qa4 Qf6 30. f4 exf4 31. Rxf4 Ne2+ 0-1

[Event "Tour aux aguets"]
[Site "Gatineau CAN"]
[Date "2003.12.12"]
[Round "2"]
[White "Libersan, Mattieu"]
[Black "Forget, David"]
[Result "1/2-1/2"]
[WhiteElo "1878"]
[BlackElo "1591"]
[PlyCount "108"]
[EventDate "2003.??.??"]
[EventType "swiss"]
[EventRounds "3"]
[EventCountry "CAN"]

1. e4 e6 2. d4 d5 3. Nc3 Bb4 4. Nge2 dxe4 5. a3 Bxc3+ 6. Nxc3 Nf6 7. Bg5 b6 8.
Nxe4 Nbd7 9. Qf3 Rb8 10. Bb5 Bb7 11. Bxd7+ Qxd7 12. Nxf6+ gxf6 13. Qxf6 Rg8 14.
O-O-O Kf8 15. Rhe1 Rg6 16. Qh8+ Rg8 17. Bh6+ Ke7 18. Qxh7 Rxg2 19. h4 Bd5 20.
Bg5+ Kd6 21. Bf4+ Kc6 22. Bg3 Kb7 23. h5 Qc6 24. Qxf7 e5 25. Qg7 exd4 26. Rxd4
Rg8 27. Qxc7+ Qxc7 28. Bxc7 Rxf2 29. Rxd5 Kxc7 30. Rd2 Rf6 31. Re7+ Kc6 32.
Rxa7 Rf1+ 33. Rd1 Rf2 34. Rad7 Rh2 35. R7d6+ Kc7 36. h6 Rgg2 37. R6d2 Rxd2 38.
Rxd2 Rxh6 39. c4 Kc6 40. Kc2 Rh5 41. b4 Rg5 42. Kc3 Rf5 43. b5+ Kc5 44. Rd5+
Rxd5 45. cxd5 Kxd5 46. Kb4 Kd6 47. Kc4 Ke6 48. a4 Kd6 49. Kd4 Ke6 50. Kc4 Kd6
51. Kb4 Kc7 52. a5 bxa5+ 53. Kxa5 Kb7 54. b6 Kb8 1/2-1/2

[Event "Tour aux aguets"]
[Site "Gatineau CAN"]
[Date "2003.12.12"]
[Round "2"]
[White "Rose, Richard"]
[Black "Ethier, Valori"]
[Result "1-0"]
[WhiteElo "1815"]
[BlackElo "1425"]
[PlyCount "97"]
[EventDate "2003.??.??"]
[EventType "swiss"]
[EventRounds "3"]
[EventCountry "CAN"]

1. e4 c6 2. d4 d5 3. e5 Bf5 4. Bd3 Bxd3 5. Qxd3 e6 6. Nf3 Qa5+ 7. Nbd2 c5 8. c3
Nh6 9. Nb3 Qb6 10. dxc5 Bxc5 11. Nxc5 Qxc5 12. Bxh6 gxh6 13. Nd4 a6 14. Qh3 Qf8
15. O-O Nd7 16. f4 Nc5 17. f5 Qe7 18. b4 Ne4 19. fxe6 Ng5 20. exf7+ Nxf7 21.
Rf6 Ng5 22. Qxh6 Qxe5 23. h4 Nh3+ 24. Kh1 O-O-O 25. Re6 Nf2+ 26. Kg1 Nh3+ 27.
Kf1 Rhf8+ 28. Nf3 Rxf3+ 29. gxf3 Qg3 30. Qe3 Rf8 31. Re8+ Rxe8 32. Qxe8+ Kc7
33. Qe3 Nf4 34. Qf2 Qh3+ 35. Kg1 Nd3 36. Qh2+ Nf4 37. Qxh3 Nxh3+ 38. Kg2 Nf4+
39. Kg3 Ne2+ 40. Kg4 Nxc3 41. Kg5 Ne2 42. Kh6 Nd4 43. Kxh7 Nxf3 44. h5 Ng5+ 45.
Kg6 Ne6 46. h6 Nf8+ 47. Kf7 Nh7 48. Rg1 d4 49. Kg7 1-0

[Event "Tour aux aguets"]
[Site "Gatineau CAN"]
[Date "2003.12.12"]
[Round "2"]
[White "Roy, Roger"]
[Black "Papineau, Andre"]
[Result "1/2-1/2"]
[WhiteElo "1734"]
[BlackElo "1746"]
[PlyCount "85"]
[EventDate "2003.??.??"]
[EventType "swiss"]
[EventRounds "3"]
[EventCountry "CAN"]

1. e4 c5 2. Nf3 d6 3. c4 Nc6 4. d4 cxd4 5. Nxd4 g6 6. Nc3 Bg7 7. Be3 Nf6 8. Be2
O-O 9. Qd2 Ne5 10. h3 Be6 11. b3 Qa5 12. O-O a6 13. Rab1 Rac8 14. f4 Nc6 15.
Nxc6 bxc6 16. b4 Qc7 17. f5 Bd7 18. c5 d5 19. exd5 Bxf5 20. Bf4 Qb7 21. dxc6
Qxc6 22. Bf3 Qd7 23. Rbd1 Rfd8 24. Qxd7 Rxd7 25. Rxd7 Bxd7 26. Bb7 Re8 27. Be5
Bc8 28. c6 Bxb7 29. cxb7 Nd7 30. Bxg7 Kxg7 31. Rd1 Nb6 32. Ne4 Rb8 33. Nc5 Kf8
34. Rd3 Ke8 35. Ra3 Nd7 36. Rxa6 Nxc5 37. bxc5 Rxb7 38. c6 Rb1+ 39. Kf2 Kd8 40.
Ra7 Rc1 41. Rd7+ Ke8 42. Rc7 Kd8 43. Rd7+ 1/2-1/2

[Event "Tour aux aguets"]
[Site "Gatineau CAN"]
[Date "2003.12.19"]
[Round "3"]
[White "Cousineau, Gaston"]
[Black "Roy, Roger"]
[Result "0-1"]
[WhiteElo "1396"]
[BlackElo "1734"]
[PlyCount "80"]
[EventDate "2003.??.??"]
[EventType "swiss"]
[EventRounds "3"]
[EventCountry "CAN"]

1. e4 c5 2. Nf3 d6 3. Nc3 Nc6 4. Bb5 Bd7 5. Bc4 e6 6. d4 cxd4 7. Nxd4 a6 8. Nf3
Nf6 9. Bg5 Be7 10. a3 O-O 11. Be3 b5 12. Be2 Qc7 13. Bg5 b4 14. Nb1 bxa3 15.
bxa3 Nxe4 16. Bxe7 Nxe7 17. O-O d5 18. a4 Rfc8 19. Bd3 Ng6 20. Nbd2 Nc5 21.
Bxg6 hxg6 22. c4 dxc4 23. Nxc4 Bxa4 24. Rxa4 Nxa4 25. Nd6 Rd8 26. Qxa4 Rxd6 27.
h3 Rad8 28. g3 Qc6 29. Qf4 Rd1 30. Kg2 Rxf1 31. Kxf1 Rc8 32. Kg2 a5 33. Kh2 Qc2
34. Ne5 Qf5 35. Qe3 Rc2 36. Kg2 a4 37. g4 Qf6 38. Nf3 Rc3 39. Qe4 Qxf3+ 40.
Qxf3 Rxf3 0-1

[Event "Tour aux aguets"]
[Site "Gatineau CAN"]
[Date "2003.12.19"]
[Round "3"]
[White "Ethier, Valori"]
[Black "Dagenais, Benoit"]
[Result "1-0"]
[WhiteElo "1425"]
[BlackElo "1021"]
[PlyCount "75"]
[EventDate "2003.??.??"]
[EventType "swiss"]
[EventRounds "3"]
[EventCountry "CAN"]

1. f4 g6 2. Nf3 d5 3. e3 Nf6 4. b3 Bg7 5. Bb2 O-O 6. Be2 Nh5 7. Bxg7 Nxg7 8. d4
Bf5 9. O-O c6 10. c4 e6 11. Nbd2 Qa5 12. Qe1 f6 13. Qf2 Bg4 14. h3 Bxf3 15.
Nxf3 Nf5 16. Bd3 Qc3 17. Bxf5 exf5 18. Rae1 Re8 19. Re2 Re7 20. Rfe1 Nd7 21. g4
fxg4 22. hxg4 Rg7 23. Nd2 Rf8 24. Qf3 h5 25. gxh5 gxh5+ 26. Rg2 Kh8 27. Qxh5+
Rh7 28. Qg6 Qc2 29. Qxc2 Rg8 30. Ree2 Rhg7 31. Qf5 Nf8 32. Qxf6 Nh7 33. Qe5 Nf8
34. Kf1 Nh7 35. Rxg7 Rxg7 36. Rg2 Ng5 37. Rxg5 Kh7 38. Qxg7# 1-0

[Event "Tour aux aguets"]
[Site "Gatineau CAN"]
[Date "2003.12.19"]
[Round "3"]
[White "Marghetis, Aris"]
[Black "Maisonneuve, Paul"]
[Result "1-0"]
[WhiteElo "1734"]
[BlackElo "1569"]
[PlyCount "71"]
[EventDate "2003.??.??"]
[EventType "swiss"]
[EventRounds "3"]
[EventCountry "CAN"]

1. e4 d6 2. Nc3 Nf6 3. g3 c6 4. d3 g6 5. Bg2 Bg7 6. Nf3 O-O 7. O-O b5 8. a3 a5
9. Be3 Bb7 10. h3 Nbd7 11. Qd2 b4 12. Ne2 c5 13. c3 bxc3 14. bxc3 Qc7 15. Rab1
Rab8 16. c4 Bc6 17. Nc3 Rxb1 18. Rxb1 Rb8 19. Nb5 Bxb5 20. Rxb5 Rxb5 21. cxb5
a4 22. Qc2 Nb6 23. e5 Nfd5 24. Bd2 Qd7 25. Qd1 Nc7 26. Ba5 Ncd5 27. Nd2 Qa7 28.
Bxb6 Nxb6 29. exd6 exd6 30. Nc4 Qc7 31. Qe1 Nc8 32. Qe8+ Bf8 33. Bd5 Kg7 34. b6
Nxb6 35. Nxb6 Qe7 36. Qxe7 1-0

[Event "Tour aux aguets"]
[Site "Gatineau CAN"]
[Date "2003.12.19"]
[Round "3"]
[White "Pilon, Robert"]
[Black "Rose, Richard"]
[Result "1/2-1/2"]
[WhiteElo "1475"]
[BlackElo "1815"]
[PlyCount "68"]
[EventDate "2003.??.??"]
[EventType "swiss"]
[EventRounds "3"]
[EventCountry "CAN"]

1. d4 Nf6 2. Nf3 e6 3. c4 d5 4. Nc3 Bb4 5. cxd5 exd5 6. Bg5 O-O 7. e3 Bg4 8.
Be2 Qd6 9. Bxf6 Qxf6 10. Ne5 Bxe2 11. Qxe2 c5 12. O-O cxd4 13. exd4 Bxc3 14.
bxc3 Re8 15. Qb5 Nc6 16. f4 Nxe5 17. fxe5 Qc6 18. Qxc6 bxc6 19. Rab1 Rab8 20.
Kf2 Kf8 21. Ke2 Ke7 22. Kd2 Rb6 23. Rxb6 axb6 24. a4 Ra8 25. Ra1 Ra5 26. Rb1
Ra6 27. Ra1 c5 28. Kc2 Kd7 29. Rf1 Ke6 30. Ra1 Ra5 31. Rb1 Ra6 32. Ra1 Kd7 33.
Rf1 Ke7 34. Kb3 Ke6 1/2-1/2

[Event "Tour aux aguets"]
[Site "Gatineau CAN"]
[Date "2003.12.19"]
[Round "3"]
[White "Rose, Yves"]
[Black "Dagenais, Pierre"]
[Result "0-1"]
[WhiteElo "1304"]
[BlackElo "1224"]
[PlyCount "58"]
[EventDate "2003.??.??"]
[EventType "swiss"]
[EventRounds "3"]
[EventCountry "CAN"]

1. e4 e5 2. Bc4 Nf6 3. Nc3 d6 4. Nf3 Bg4 5. h3 Bxf3 6. Qxf3 Nc6 7. Nd5 Nd4 8.
Nxf6+ gxf6 9. Qd3 f5 10. c3 fxe4 11. Qxe4 Nc6 12. Qf3 Qe7 13. O-O O-O-O 14.
Bxf7 e4 15. Qg4+ Kb8 16. Bd5 e3 17. dxe3 Ne5 18. Qe4 c6 19. Bb3 d5 20. Qd4 Bg7
21. Qd1 Rhf8 22. Qc2 Rg8 23. e4 Ng4 24. hxg4 Be5 25. g3 Rxg4 26. exd5 Bxg3 27.
fxg3 Rxg3+ 28. Kh1 Qh4+ 29. Qh2 Qe4+ 0-1